Study Of Parasitic Infections Among Childern Attendine Abu EL-Rreesh Hospital / (رقم التسجيلة. 178804)

تفاصيل مارك
000 -LEADER
fixed length control field 01484namaa22003251i 4500
005 - أخر تعامل مع التسجيلة
control field 20260302121043.0
008 - FIXED-LENGTH DATA ELEMENTS--GENERAL INFORMATION
fixed length control field 260302s1995 ua a|||frm||| 000 0 eng d
040 ## - CATALOGING SOURCE
Original cataloguing agency EG-GICUC
Language of cataloging eng
Transcribing agency EG-GICUC
Modifying agency EG-GICUC
Description conventions rda
041 0# - LANGUAGE CODE
Language code of text/sound track or separate title eng
Language code of summary or abstract eng
-- ara
049 ## - Acquisition Source
Acquisition Source Deposit
097 ## - Degree
Degree M.Sc
099 ## - LOCAL FREE-TEXT CALL NUMBER (OCLC)
Local Call Number Cai01.11.26.M.Sc.1995.Ha.S.
100 0# - MAIN ENTRY--PERSONAL NAME
Authority record control number or standard number Hanaa Mohamed Ezzat Moussa,
Preparation preparation.
245 10 - TITLE STATEMENT
Title Study Of Parasitic Infections Among Childern Attendine Abu EL-Rreesh Hospital /
Statement of responsibility, etc. By Hanaa Mohamed Ezzat Moussa; Supervised By Prof.Dr. Amani Amin Soliman, Prof.Dr. Sayeda Mohamed Aufy,Dr. Fatina Ibrahim Fadel.
Remainder of title Remainder of title /
246 15 - VARYING FORM OF TITLE
Title proper/short title دراسة الاصابة بالامراض الطفيلية بين الاطفال المترددين على مستشفى ابو الريش للاطفال /
264 #0 - PRODUCTION, PUBLICATION, DISTRIBUTION, MANUFACTURE, AND COPYRIGHT NOTICE
Date of production, publication, distribution, manufacture, or copyright notice 1995.
300 ## - PHYSICAL DESCRIPTION
Extent 112 pages :
Other physical details illustrations ;
Dimensions 30 cm. +
336 ## - CONTENT TYPE
Source rda content
Content type term text
337 ## - MEDIA TYPE
Source rdamedia
Media type term Unmediated
338 ## - CARRIER TYPE
Source rdacarrier
Carrier type term volume
502 ## - DISSERTATION NOTE
Dissertation note Thesis (M.Sc.) -Cairo University, 1995.
504 ## - BIBLIOGRAPHY, ETC. NOTE
Bibliography, etc. note Bibliography: pages 97-112.
653 #0 - INDEX TERM--UNCONTROLLED
Uncontrolled term Parasitology
700 0# - ADDED ENTRY--PERSONAL NAME
Personal name Amani Amin Soliman
Relator term thesis advisor.
700 0# - ADDED ENTRY--PERSONAL NAME
Personal name Sayeda Mohamed Aufy
Relator term thesis advisor.
700 0# - ADDED ENTRY--PERSONAL NAME
Personal name Fatina Ibrahim Fadel
Relator term thesis advisor.
900 ## - Thesis Information
Department Department of Parasitology
Faculties Faculty of Medicine
Universities Cairo University
Grant date 1995
Supervisory body Amani Amin Soliman
-- Sayeda Mohamed Aufy
-- Fatina Ibrahim Fadel
905 ## - Cataloger and Reviser Names
Cataloger Name Eman El gebaly
942 ## - ADDED ENTRY ELEMENTS (KOHA)
Source of classification or shelving scheme Dewey Decimal Classification
Koha item type Thesis
Edition 21
Suppress in OPAC No

لا توجد مواد متاحة.

Cairo University Libraries Portal Implemented & Customized by: Eng. M. Mohamady Contacts: new-lib@cl.cu.edu.eg | cnul@cl.cu.edu.eg
CUCL logo CNUL logo
© All rights reserved — Cairo University Libraries
CUCL logo
Implemented & Customized by: Eng. M. Mohamady Contact: new-lib@cl.cu.edu.eg © All rights reserved — New Central Library
CNUL logo
Implemented & Customized by: Eng. M. Mohamady Contact: cnul@cl.cu.edu.eg © All rights reserved — Cairo National University Library